Gordon Cullen : (Record no. 11190)

000 -LEADER
fixed length control field 02721cam a22006137i 4500
001 - CONTROL NUMBER
control field 20908070
005 - DATE AND TIME OF LATEST TRANSACTION
control field 20230110180633.0
008 - FIXED-LENGTH DATA ELEMENTS--GENERAL INFORMATION
fixed length control field 190328s1996 enka b 001 0 eng c
010 ## - LIBRARY OF CONGRESS CONTROL NUMBER
LC control number 2018469220
015 ## - NATIONAL BIBLIOGRAPHY NUMBER
National bibliography number GB9710409
Source bnb
020 ## - INTERNATIONAL STANDARD BOOK NUMBER
International Standard Book Number 1854904353
020 ## - INTERNATIONAL STANDARD BOOK NUMBER
International Standard Book Number 9781854904355
035 ## - SYSTEM CONTROL NUMBER
System control number (OCoLC)ocm35032008
040 ## - CATALOGING SOURCE
Original cataloging agency LPU
Language of cataloging eng
Description conventions rda
Transcribing agency LPU
Modifying agency UMC
-- UKM
-- OCLCQ
-- UBA
-- YDXCP
-- OCLCG
-- HEBIS
-- DEBBG
-- OCL
-- OCLCA
-- DXU
-- OCLCO
-- OCLCA
-- CQ$
-- OCLCF
-- OCLCO
-- OCLCQ
-- UKUOY
-- OCLCQ
-- OCLCO
-- CPO
-- OCLCQ
-- DLC
042 ## - AUTHENTICATION CODE
Authentication code pcc
043 ## - GEOGRAPHIC AREA CODE
Geographic area code e-uk---
050 00 - LIBRARY OF CONGRESS CALL NUMBER
Classification number HT169.G7
Item number G66 1996
080 ## - UNIVERSAL DECIMAL CLASSIFICATION NUMBER
Universal Decimal Classification number 711.4
084 ## - OTHER CLASSIFICATION NUMBER
Classification number ARC 025C
Number source stub
084 ## - OTHER CLASSIFICATION NUMBER
Classification number ZH 9300
Number source rvk
100 1# - MAIN ENTRY--PERSONAL NAME
Personal name Gosling, David,
Dates associated with a name -2002,
Relator term author.
245 10 - TITLE STATEMENT
Title Gordon Cullen :
Remainder of title visions of urban design /
Statement of responsibility, etc. David Gosling ; foreword by Sir Norman Foster.
264 #1 - PRODUCTION, PUBLICATION, DISTRIBUTION, MANUFACTURE, AND COPYRIGHT NOTICE
Place of production, publication, distribution, manufacture London :
Name of producer, publisher, distributor, manufacturer Academy Editions ;
Place of production, publication, distribution, manufacture Lanham, Md. :
Name of producer, publisher, distributor, manufacturer Distributed to the trade in the United States of America by National Book Network, Inc,
Date of production, publication, distribution, manufacture, or copyright notice 1996.
300 ## - PHYSICAL DESCRIPTION
Extent 256 pages :
Other physical details illustrations (some color) ;
Dimensions 31 cm
336 ## - CONTENT TYPE
Content type term text
Content type code txt
Source rdacontent
336 ## - CONTENT TYPE
Content type term still image
Content type code sti
Source rdacontent
337 ## - MEDIA TYPE
Media type term unmediated
Media type code n
Source rdamedia
338 ## - CARRIER TYPE
Carrier type term volume
Carrier type code nc
Source rdacarrier
336 ## - CONTENT TYPE
Content type term text
Content type code txt
Source rdacontent
337 ## - MEDIA TYPE
Media type term unmediated
Media type code n
Source rdamedia
338 ## - CARRIER TYPE
Carrier type term volume
Carrier type code nc
Source rdacarrier
504 ## - BIBLIOGRAPHY, ETC. NOTE
Bibliography, etc. note Includes bibliographical references (pages 248-250) and index.
530 ## - ADDITIONAL PHYSICAL FORM AVAILABLE NOTE
Additional physical form available note Also issued online.
600 10 - SUBJECT ADDED ENTRY--PERSONAL NAME
Personal name Cullen, Gordon,
Dates associated with a name 1914-1994.
650 #0 - SUBJECT ADDED ENTRY--TOPICAL TERM
Topical term or geographic name entry element City planners
Geographic subdivision Great Britain.
650 #0 - SUBJECT ADDED ENTRY--TOPICAL TERM
Topical term or geographic name entry element City planning
Geographic subdivision Great Britain
Form subdivision Pictorial works.
600 14 - SUBJECT ADDED ENTRY--PERSONAL NAME
Personal name Cullen, Gordon.
600 17 - SUBJECT ADDED ENTRY--PERSONAL NAME
Personal name Cullen, Gordon,
Dates associated with a name 1914-1994
Source of heading or term fast
Authority record control number or standard number (OCoLC)fst01796765
650 #7 - SUBJECT ADDED ENTRY--TOPICAL TERM
Topical term or geographic name entry element City planners.
Source of heading or term fast
Authority record control number or standard number (OCoLC)fst00862164
650 #7 - SUBJECT ADDED ENTRY--TOPICAL TERM
Topical term or geographic name entry element City planning.
Source of heading or term fast
Authority record control number or standard number (OCoLC)fst00862177
651 #7 - SUBJECT ADDED ENTRY--GEOGRAPHIC NAME
Geographic name Great Britain.
Source of heading or term fast
Authority record control number or standard number (OCoLC)fst01204623
655 #7 - INDEX TERM--GENRE/FORM
Genre/form data or focus term Pictorial works.
Source of term fast
Authority record control number or standard number (OCoLC)fst01423874
650 #7 - SUBJECT ADDED ENTRY--TOPICAL TERM
Topical term or geographic name entry element Planejamento territorial urbano
Geographic subdivision Grã-bretanha.
Source of heading or term larpcal
650 #7 - SUBJECT ADDED ENTRY--TOPICAL TERM
Topical term or geographic name entry element Desenho urbano
Geographic subdivision Grã-bretanha.
Source of heading or term larpcal
600 17 - SUBJECT ADDED ENTRY--PERSONAL NAME
Personal name Cullen, Gordon.
Source of heading or term swd
653 ## - INDEX TERM--UNCONTROLLED
Uncontrolled term City planners
653 ## - INDEX TERM--UNCONTROLLED
Uncontrolled term Cullen, Gordon
653 ## - INDEX TERM--UNCONTROLLED
Uncontrolled term UK
776 08 - ADDITIONAL PHYSICAL FORM ENTRY
Relationship information Online version:
Main entry heading Gosling, David.
Title Gordon Cullen.
Place, publisher, and date of publication London : Academy Editions ; Lanham, Md. : Distributed to the trade in the United States of America by National Book Network, 1996
Record control number (OCoLC)603681748
856 41 - ELECTRONIC LOCATION AND ACCESS
Materials specified Table of contents
Uniform Resource Identifier <a href="http://bvbr.bib-bvb.de:8991/F?func=service&doc_library=BVB01&doc_number=007479305&line_number=0001&func_code=DB_RECORDS&service_type=MEDIA">http://bvbr.bib-bvb.de:8991/F?func=service&doc_library=BVB01&doc_number=007479305&line_number=0001&func_code=DB_RECORDS&service_type=MEDIA</a>
906 ## - LOCAL DATA ELEMENT F, LDF (RLIN)
a 7
b cbc
c pccadap
d 2
e ncip
f 20
g y-gencatlg
925 0# -
-- acquire
-- 1 shelf copy
-- policy default
Holdings
Withdrawn status Lost status Source of classification or shelving scheme Damaged status Not for loan Permanent Location Current Location Date acquired Source of acquisition Cost, normal purchase price Barcode Date last seen Cost, replacement price Price effective from Koha item type
          BMS College of Architecture, Design and Planning BMS College of Architecture, Design and Planning 2023-03-07 10 7824.60 AR-UG2859 2023-03-07 11178.00 2023-03-07 UG Books
Copyright © 2025, The Librarian, Library and Information Centre, BMSCA D&P, Bengaluru. All Rights Reserved
web counter

Powered by Koha